MARC

LEADER 00000nam0a2200000 4500
001 45866
005 20231031024127.0
010 |a 5305000467 
035 |a (RuTPU)RU\TPU\book\47771 
090 |a 45866 
100 |a 20021217d2001 m y0rusy50 ca 
101 0 |a rus 
102 |a RU 
105 |a a j 001zy 
200 1 |a Социальная психология. Схемы и комментарии  |f В. Г. Крысько 
210 |a Москва  |c Владос-Пресс  |d 2001 
215 |a 208 с.  |c ил. 
320 |a Библиогр.: с. 206-207. 
610 1 |a психология 
610 1 |a социология 
610 1 |a методология 
610 1 |a общение 
610 1 |a взаимодействия 
610 1 |a личность 
610 1 |a малые группы 
610 1 |a социальные группы 
610 1 |a большие группы 
610 1 |a нации 
610 1 |a политическая психология 
610 1 |a религия 
610 1 |a управление 
610 1 |a психологическое воздействие 
610 1 |a конфликты 
610 1 |a толпа 
610 1 |a схемы 
610 1 |a учебные пособия 
686 |a Ю95я73  |v LBC/SL-A  |2 rubbk 
700 1 |a Крысько  |b В. Г.  |g Владимир Гаврилович 
801 1 |a RU  |b 63413507  |c 20021217  |g PSBO 
801 2 |a RU  |b 63413507  |c 20120409  |g PSBO 
942 |c BK